| 000 | 02357nam a2200601 i 4500 | ||
|---|---|---|---|
| 001 | 32431 | ||
| 003 | KOSZ 005 | ||
| 005 | 20240508062830.0 | ||
| 008 | 980716s1997 pl a |100 0 pol | ||
| 015 | _aUWD 1998/9161 | ||
| 020 | _a8387424285 | ||
| 035 | _a991005352749705066 | ||
| 035 | _a(PL-WaBN)b11400389-48omnis_nlop | ||
| 035 | _ab11400389 | ||
| 035 | _a(OCoLC)830133570 | ||
| 035 | _a(PL)b0000001140038 | ||
| 035 | _a(EXLNZ-48OMNIS_NETWORK)9910138368705606 | ||
| 040 |
_aWA N _cWA N _dKOSZ 005/HR |
||
| 041 | 0 | _apol | |
| 046 | _k1997 | ||
| 080 | _a556.18(438)"1989/..." | ||
| 080 | _a504.75(438)"1989/..." | ||
| 080 | _a628.1 | ||
| 080 | _a(06) | ||
| 245 | 0 | 0 |
_aWoda - człowiek - środowisko : _bI Krajowa Konferencja Naukowo-Techniczna, Kołobrzeg - Poznań 1997 / _c[red. Marek M. Sozański] ; Polskie Zrzeszenie Inżynierów i Techników Sanitarnych, Politechnika Poznańska, Kołobrzeska Fundacja Ochrony Środowiska. |
| 260 |
_aKoszalin : _bWydaw. Uczelniane PK, _c1997. |
||
| 300 |
_a[2], 241 s. : _b3 mapy, 2 pl., rys., wykr. ; _c24 cm. |
||
| 336 |
_aTekst _btxt _2rdacontent |
||
| 337 |
_aBez urządzenia pośredniczącego _bn _2rdamedia |
||
| 338 |
_aWolumin _bnc _2rdacarrier |
||
| 380 | _aKsiążki | ||
| 388 | _a1901-2000 | ||
| 388 | _a1989-2000 | ||
| 504 | _aBibliogr. przy ref. | ||
| 648 | _a1901-2000 | ||
| 648 | _a1989-2000 | ||
| 650 | 7 |
_aGospodarka wodna _2DBN |
|
| 650 | 7 | _aOchrona środowiska | |
| 650 | 7 | _aTechnika sanitarna | |
| 651 | 7 | _aPolska | |
| 655 | 7 |
_aMateriały konferencyjne _2DBN |
|
| 658 | _aInżynieria i technika | ||
| 658 | _aOchrona środowiska | ||
| 700 | 1 |
_aSozański, Marek M. _d(1942- ) _eRedakcja |
|
| 710 | 2 | _aKołobrzeska Fundacja Ochrony Środowiska (Kołobrzeg) | |
| 710 | 2 | _aPolitechnika Poznańska | |
| 710 | 2 | _aPolskie Zrzeszenie Inżynierów i Techników Sanitarnych | |
| 710 | 2 |
_aWydawnictwo Uczelniane (Politechnika Koszalińska) _4pbl |
|
| 856 |
_uhttp://koha.tu.koszalin.pl/cgi-bin/koha/opac-detail.pl?biblionumber=32431 _yKatalog online BPK |
||
| 856 |
_uhttp://dlibra.tu.koszalin.pl/dlibra/docmetadata?id=1407&from=latest _yBiblioteka Cyfrowa |
||
| 942 |
_2UKD _cKS |
||
| 999 |
_c32431 _d32431 |
||